[Event "17. Europa ch Juvenil - Femenino s18"]
[Site "Sibenik CRO"]
[Date "2007.09.15"]
[Round "2.1"]
[White "Van Nies, Pauline"]
[Black "Charochkina, Daria"]
[Result "1-0"]
[WhiteElo "2162"]
[BlackElo "2390"]
[PlyCount "111"]
[EventDate "2007.09.14"]
[EventType "swiss"]
[EventRounds "9"]
[EventCountry "CRO"]
[Source "lmi"]
[SourceDate "2007.09.14"]

1. e4 c6 2. d4 d5 3. exd5 cxd5 4. c4 Nf6 5. Nc3 Nc6 6. Nf3 Be6 7. c5 a6 8. Bd3
g6 9. h3 Bg7 10. Be3 O-O 11. O-O Nd7 12. Ng5 b6 13. Nxe6 fxe6 14. Qg4 Kh8 15.
cxb6 Nxb6 16. Qh4 Kg8 17. Rad1 Qd6 18. Bb1 Rf7 19. Qg4 e5 20. dxe5 Nxe5 21. Qe2
e6 22. Ne4 Qb8 23. Ng5 Re7 24. f4 Ned7 25. Bd4 e5 26. fxe5 Nxe5 27. Qf2 Nbd7
28. Nxh7 Qd6 29. Qh4 Bh8 30. Ng5 Bf6 31. Kh1 Rg7 32. Qg3 Qe7 33. Nf3 Nc4 34.
Rde1 Qb4 35. Bxf6 Nxf6 36. b3 Nd6 37. Qe5 Rf8 38. Ng5 Nf5 39. Bxf5 gxf5 40.
Rxf5 Rg6 41. Qe6+ Kh8 42. Ref1 Kg7 43. Qe5 Re8 44. Ne6+ Rxe6 45. Qxe6 Qe4 46.
Qxe4 Nxe4 47. Rxd5 Ng3+ 48. Kg1 Nxf1 49. Kxf1 Rc6 50. Ra5 Kg6 51. Kf2 Rc2+ 52.
Kf3 Rc6 53. Kg4 Rb6 54. Kh4 Rb4+ 55. g4 Rb6 56. b4 1-0

[Event "17. Europa ch Juvenil - Femenino s18"]
[Site "Sibenik CRO"]
[Date "2007.09.15"]
[Round "2.2"]
[White "Zhorzholiani, Meri"]
[Black "Foisor, Sabina-Francesca"]
[Result "0-1"]
[WhiteElo "2110"]
[BlackElo "2346"]
[PlyCount "120"]
[EventDate "2007.09.14"]
[EventType "swiss"]
[EventRounds "9"]
[EventCountry "CRO"]
[Source "lmi"]
[SourceDate "2007.09.14"]

1. d4 g6 2. c4 Bg7 3. e4 c5 4. d5 d6 5. Bd3 e6 6. Nc3 Nf6 7. h3 O-O 8. Nf3 Na6
9. O-O Re8 10. Bg5 h6 11. Be3 Nc7 12. Qc2 exd5 13. cxd5 b5 14. Nxb5 Nxb5 15.
Bxb5 Rxe4 16. Rad1 Rb8 17. Bc4 Re7 18. b3 Bf5 19. Qc1 g5 20. Bd3 Qd7 21. Bxf5
Qxf5 22. Qd2 Rb4 23. Qd3 Qxd3 24. Rxd3 Nd7 25. Rc1 f5 26. a3 Rb7 27. b4 f4 28.
Bd2 Re4 29. Be1 Bb2 30. Rc2 Ne5 31. Rd1 Bxa3 32. bxc5 Bxc5 33. Nxe5 Rxe5 34.
Bc3 Re4 35. Ra2 h5 36. Kf1 g4 37. Re2 Rxe2 38. Kxe2 Rb3 39. Rd3 Kf7 40. hxg4
hxg4 41. f3 g3 42. Be1 Rb8 43. Kd1 Kg6 44. Kc2 Kf5 45. Bc3 Re8 46. Kd1 Re7 47.
Rd2 Be3 48. Rc2 Rh7 49. Bb4 Ke5 50. Rc6 Rh6 51. Rc8 Kxd5 52. Rd8 Bb6 53. Rd7
Kc6 54. Rf7 Rh1+ 55. Ke2 Rg1 56. Rxf4 Rxg2+ 57. Kd3 Rf2 58. Rf6 g2 59. Bxd6
Rxf3+ 60. Rxf3 Kxd6 0-1

[Event "17. Europa ch Juvenil - Femenino s18"]
[Site "Sibenik CRO"]
[Date "2007.09.15"]
[Round "2.3"]
[White "Ohme, Melanie"]
[Black "Orlyanskaya, Darya"]
[Result "1-0"]
[WhiteElo "2278"]
[BlackElo "2092"]
[PlyCount "67"]
[EventDate "2007.09.14"]
[EventType "swiss"]
[EventRounds "9"]
[EventCountry "CRO"]
[Source "lmi"]
[SourceDate "2007.09.14"]

1. e4 c5 2. Na3 Nc6 3. Bb5 Nf6 4. d3 a6 5. Bxc6 dxc6 6. Nf3 Qc7 7. O-O Bg4 8.
Nc4 e6 9. a4 b5 10. Ne3 Bh5 11. b3 Bd6 12. h3 Be5 13. Ra2 Bd4 14. Qe2 Nd7 15.
g4 Bg6 16. Nf5 exf5 17. exf5+ Kd8 18. Nxd4 cxd4 19. fxg6 hxg6 20. Qf3 Ne5 21.
Qg3 b4 22. Ra1 f6 23. Bd2 a5 24. Rae1 Re8 25. Re4 c5 26. Rfe1 g5 27. Bxg5 Kd7
28. Bf4 Re6 29. Bxe5 fxe5 30. Rxe5 Rxe5 31. Rxe5 Qd6 32. Rg5 Rg8 33. Qf3 Ke7
34. Qe4+ 1-0

[Event "17. Europa ch Juvenil - Femenino s18"]
[Site "Sibenik CRO"]
[Date "2007.09.15"]
[Round "2.4"]
[White "Gosciniak, Maria"]
[Black "Tarasova, Viktoriya"]
[Result "0-1"]
[WhiteElo "2076"]
[BlackElo "2249"]
[PlyCount "78"]
[EventDate "2007.09.14"]
[EventType "swiss"]
[EventRounds "9"]
[EventCountry "CRO"]
[Source "lmi"]
[SourceDate "2007.09.14"]

1. e4 d6 2. d4 g6 3. Nc3 Bg7 4. Be3 a6 5. Qd2 b5 6. f3 Nd7 7. g4 Bb7 8. g5 e5
9. d5 h6 10. Bd3 Nc5 11. a4 b4 12. Na2 Nxd3+ 13. Qxd3 hxg5 14. Nxb4 g4 15.
O-O-O g3 16. h3 Nf6 17. Qd2 Nh5 18. Nd3 f5 19. Bg5 Qd7 20. Qb4 Rb8 21. f4 O-O
22. Qc4 exf4 23. Nxf4 Nxf4 24. Bxf4 Bxb2+ 25. Kd2 fxe4 26. Ne2 Qf5 27. Ke1 g2
28. Rg1 Qxh3 29. Qxe4 Bc3+ 30. Kf2 Qh4+ 31. Kxg2 Rf6 32. Qd3 Be5 33. Bg3 Bxg3
34. Nxg3 Rbf8 35. Rdf1 Qg5 36. c4 c6 37. Qb3 Qd2+ 38. Kh1 R8f7 39. Nh5 Rxf1 0-1

[Event "17. Europa ch Juvenil - Femenino s18"]
[Site "Sibenik CRO"]
[Date "2007.09.15"]
[Round "2.5"]
[White "Rakic, Marija"]
[Black "Baptista, Ana Filipa"]
[Result "1-0"]
[WhiteElo "2247"]
[BlackElo "2055"]
[PlyCount "55"]
[EventDate "2007.09.14"]
[EventType "swiss"]
[EventRounds "9"]
[EventCountry "CRO"]
[Source "lmi"]
[SourceDate "2007.09.14"]

1. d4 Nf6 2. c4 e6 3. Nf3 b6 4. g3 Bb7 5. Nc3 Be7 6. Bg2 O-O 7. O-O Ne4 8. Qd3
f5 9. Nd2 Nd6 10. c5 Ba6 11. Qc2 Nb7 12. b4 Nc6 13. Qa4 bxc5 14. Bxc6 dxc6 15.
Qxa6 Qxd4 16. Qxb7 Qxc3 17. Nb3 cxb4 18. Bd2 Qe5 19. Qxc6 g5 20. f4 gxf4 21.
Bxf4 Qf6 22. e4 Rfd8 23. e5 Qg6 24. Rad1 Rab8 25. Rd7 Rb6 26. Qxc7 Rxd7 27.
Qxd7 Bg5 28. Rc1 1-0

[Event "17. Europa ch Juvenil - Femenino s18"]
[Site "Sibenik CRO"]
[Date "2007.09.15"]
[Round "2.6"]
[White "Steil-Antoni, Fiona"]
[Black "Paulet, Iozefina"]
[Result "0-1"]
[WhiteElo "2065"]
[BlackElo "2241"]
[PlyCount "60"]
[EventDate "2007.09.14"]
[EventType "swiss"]
[EventRounds "9"]
[EventCountry "CRO"]
[Source "lmi"]
[SourceDate "2007.09.14"]

1. e4 e6 2. d4 d5 3. Nc3 Nf6 4. Bg5 Bb4 5. e5 h6 6. Be3 Ne4 7. Qg4 g6 8. a3
Bxc3+ 9. bxc3 Nxc3 10. Bd3 Bd7 11. f4 Bb5 12. Nf3 Nc6 13. a4 Bxd3 14. cxd3 Nb4
15. Kd2 Nca2 16. Ne1 c5 17. Qd1 c4 18. Bf2 Rc8 19. Ke3 cxd3 20. Qb1 d2 21. Nf3
Nc2+ 22. Kd3 Nxa1 23. Qxa2 Rc1 24. Qxa1 Rxa1 25. Rxa1 Qc7 26. Nxd2 O-O 27. Ra3
Rc8 28. Ke2 Qc1 29. Rg3 Rc3 30. Re3 Qc2 0-1

[Event "17. Europa ch Juvenil - Femenino s18"]
[Site "Sibenik CRO"]
[Date "2007.09.15"]
[Round "2.7"]
[White "Leks, Hanna"]
[Black "Ikonomopoulou, Maria"]
[Result "1-0"]
[WhiteElo "2232"]
[BlackElo "2029"]
[PlyCount "59"]
[EventDate "2007.09.14"]
[EventType "swiss"]
[EventRounds "9"]
[EventCountry "CRO"]
[Source "lmi"]
[SourceDate "2007.09.14"]

1. e4 e6 2. Nf3 d5 3. Nc3 Nf6 4. e5 Nfd7 5. d4 c5 6. dxc5 Nc6 7. Bf4 Bxc5 8.
Bd3 Be7 9. Qd2 a6 10. O-O Nc5 11. Ne2 Bd7 12. c3 Rc8 13. Ned4 Na5 14. b3 Nxd3
15. Qxd3 Qc7 16. Rac1 b5 17. Nd2 Bc5 18. Qg3 g6 19. N4f3 Ba3 20. Rc2 Qb7 21.
Bh6 b4 22. c4 dxc4 23. Qf4 Bc6 24. Nxc4 Nxc4 25. Rxc4 Bxf3 26. Rxc8+ Qxc8 27.
Qxf3 Bb2 28. Qf6 Rg8 29. Rd1 Qc7 30. Bg5 1-0

[Event "17. Europa ch Juvenil - Femenino s18"]
[Site "Sibenik CRO"]
[Date "2007.09.15"]
[Round "2.8"]
[White "Chirita, Andra-Marina"]
[Black "Ayrapetyan, Tatevik"]
[Result "1/2-1/2"]
[WhiteElo "2056"]
[BlackElo "2218"]
[PlyCount "148"]
[EventDate "2007.09.14"]
[EventType "swiss"]
[EventRounds "9"]
[EventCountry "CRO"]
[Source "lmi"]
[SourceDate "2007.09.14"]

1. d4 Nf6 2. Nf3 g6 3. c4 Bg7 4. Nc3 O-O 5. Bg5 d6 6. e3 c5 7. Be2 Bg4 8. O-O
h6 9. Bh4 Nbd7 10. h3 Bxf3 11. Bxf3 Qc7 12. b3 a6 13. Rc1 Rad8 14. Qc2 e6 15.
Rfd1 cxd4 16. exd4 Rc8 17. Qe2 Rfe8 18. Ne4 Nxe4 19. Qxe4 b6 20. Qb7 a5 21. Bg3
Qxb7 22. Bxb7 Rc7 23. Ba6 Bf8 24. Bb5 Rd8 25. a3 Nf6 26. b4 axb4 27. axb4 Ra7
28. Rc2 Nh5 29. Bh2 g5 30. Rdc1 Nf4 31. c5 bxc5 32. bxc5 Ra5 33. Bf1 Rc8 34. c6
d5 35. g3 Ng6 36. Bd3 Bd6 37. Rb1 Ne7 38. Rb6 Nf5 39. Bxf5 exf5 40. Rb7 Bc7 41.
Rcb2 Kg7 42. R2b5 Kf6 43. Kg2 Rxb5 44. Rxb5 Ke6 45. f3 Bd8 46. Bg1 Rxc6 47. Rb8
Rc2+ 48. Kf1 Kd7 49. Rb5 Ke6 50. Rb8 Bc7 51. Rh8 Bxg3 52. Rxh6+ f6 53. Rh8 Bd6
54. Re8+ Be7 55. Ra8 f4 56. Ra6+ Bd6 57. Bf2 Rc3 58. Ke2 Rc2+ 59. Kf1 Kd7 60.
Ra5 Ke6 61. Ra6 Rb2 62. h4 Kd7 63. Ra7+ Bc7 64. Ra6 Rb6 65. Ra7 Rc6 66. Be1
gxh4 67. Bxh4 Ke6 68. Rb7 Ba5 69. Rb5 Bd2 70. Bf2 Rc2 71. Rb6+ Kf5 72. Bh4 Kg6
73. Rxf6+ Kh5 74. Bf2 Be3 1/2-1/2

[Event "17. Europa ch Juvenil - Femenino s18"]
[Site "Sibenik CRO"]
[Date "2007.09.15"]
[Round "2.9"]
[White "Yildiz, Betul Cemre"]
[Black "Novosadova, Kristyna"]
[Result "0-1"]
[WhiteElo "2217"]
[BlackElo "2014"]
[PlyCount "66"]
[EventDate "2007.09.14"]
[EventType "swiss"]
[EventRounds "9"]
[EventCountry "CRO"]
[Source "lmi"]
[SourceDate "2007.09.14"]

1. e4 e5 2. Nf3 Nc6 3. d4 exd4 4. Nxd4 Bc5 5. Be3 Qf6 6. c3 Nge7 7. Bc4 Ne5 8.
Be2 Qg6 9. O-O d6 10. f4 Qxe4 11. Bf2 Bxd4 12. cxd4 N5g6 13. Nc3 Qxf4 14. Nb5
O-O 15. Nxc7 Rb8 16. d5 Qg5 17. Bxa7 Bh3 18. Bf3 Nh4 19. Qe2 Nef5 20. Kh1 Rbc8
21. Bb6 Rxc7 22. gxh3 Re7 23. Qd3 Rfe8 24. Rg1 Qf4 25. Raf1 Ne3 26. Rf2 Nxf3
27. Rg3 Ng4 28. Rfxf3 Re1+ 29. Bg1 Nf2+ 30. Rxf2 Qxf2 31. Qc3 g6 32. Rg2 Qe3
33. Qxe3 R8xe3 0-1

[Event "17. Europa ch Juvenil - Femenino s18"]
[Site "Sibenik CRO"]
[Date "2007.09.15"]
[Round "2.10"]
[White "Kruljac, Petra"]
[Black "Daulyte, Deimante"]
[Result "0-1"]
[WhiteElo "2054"]
[BlackElo "2216"]
[PlyCount "78"]
[EventDate "2007.09.14"]
[EventType "swiss"]
[EventRounds "9"]
[EventCountry "CRO"]
[Source "lmi"]
[SourceDate "2007.09.14"]

1. d4 Nf6 2. c4 g6 3. Nc3 Bg7 4. Nf3 O-O 5. g3 d5 6. Bg2 c6 7. cxd5 cxd5 8. Ne5
Nc6 9. O-O e6 10. Nxc6 bxc6 11. Na4 Nd7 12. Bf4 Qf6 13. Qc2 Bb7 14. Rfd1 e5 15.
dxe5 Nxe5 16. Nc5 Bc8 17. Bxe5 Qxe5 18. Nd3 Qf6 19. Rac1 Bd7 20. b3 Rfe8 21.
Nc5 Bf5 22. e4 Bg4 23. Re1 Rad8 24. exd5 Rxe1+ 25. Rxe1 cxd5 26. h3 Bf5 27. Qe2
d4 28. Nd3 h5 29. g4 hxg4 30. hxg4 Bxd3 31. Qxd3 Qd6 32. Bf3 Rc8 33. Rd1 Be5
34. Kg2 Kg7 35. Be4 Qe7 36. f4 Rc3 37. Qd2 Bf6 38. Bf3 d3 39. Kf1 Qc5 0-1

[Event "17. Europa ch Juvenil - Femenino s18"]
[Site "Sibenik CRO"]
[Date "2007.09.15"]
[Round "2.11"]
[White "Mader, Manuela"]
[Black "Bogdan, Elizaveta"]
[Result "1/2-1/2"]
[WhiteElo "2204"]
[BlackElo "1880"]
[PlyCount "52"]
[EventDate "2007.09.14"]
[EventType "swiss"]
[EventRounds "9"]
[EventCountry "CRO"]
[Source "lmi"]
[SourceDate "2007.09.14"]

1. e4 e5 2. Nf3 Nc6 3. Bb5 a6 4. Bxc6 dxc6 5. O-O Bd6 6. d4 exd4 7. Qxd4 f6 8.
Be3 Ne7 9. Qc4 b5 10. Qc3 O-O 11. Nbd2 Qe8 12. Bc5 Qh5 13. Bxd6 cxd6 14. a4 Bg4
15. axb5 axb5 16. Nd4 Bd7 17. Qb3+ Kh8 18. c4 Qc5 19. N4f3 Be6 20. Rac1 Ra4 21.
Qd1 Rb4 22. cxb5 Qxb5 23. Nb1 Qb8 24. Nd4 Bc4 25. Re1 c5 26. Na3 Bf7 1/2-1/2

[Event "17. Europa ch Juvenil - Femenino s18"]
[Site "Sibenik CRO"]
[Date "2007.09.15"]
[Round "2.13"]
[White "Nadvesnik, Maja"]
[Black "Severiukhina, Zoya"]
[Result "0-1"]
[WhiteElo "1791"]
[BlackElo "2267"]
[PlyCount "128"]
[EventDate "2007.09.14"]
[EventType "swiss"]
[EventRounds "9"]
[EventCountry "CRO"]
[Source "lmi"]
[SourceDate "2007.09.14"]

1. e4 e6 2. d4 d5 3. e5 c5 4. c3 Nc6 5. Nf3 Bd7 6. Be2 Nge7 7. Na3 cxd4 8. cxd4
Nf5 9. Nc2 Nb4 10. Bd2 Qb6 11. Nxb4 Bxb4 12. Bxb4 Qxb4+ 13. Qd2 a5 14. a3 Qxd2+
15. Kxd2 a4 16. Rac1 Ne7 17. Rc2 Nc6 18. Rhc1 Na5 19. Ke3 b5 20. Ne1 Rb8 21. f4
Ke7 22. Nd3 Nc4+ 23. Kf2 f6 24. Nb4 Rhf8 25. Bxc4 bxc4 26. Ke3 g5 27. g3 gxf4+
28. gxf4 Rg8 29. Rf2 Rg4 30. Rcc2 Rbg8 31. Kf3 Be8 32. Rg2 Bh5 33. Rxg4 Bxg4+
34. Ke3 Bf5 35. Rf2 Rg1 36. Kd2 h5 37. Ke3 h4 38. Ke2 Rb1 39. Ke3 h3 40. Na2
Re1+ 41. Re2 Rh1 42. Nc3 Bd3 43. Rf2 Bf1 44. Kf3 Bg2+ 45. Kg3 Re1 46. Re2 Rf1
47. Rf2 Rh1 48. Rd2 Kf7 49. Nxa4 Re1 50. Nc5 Re3+ 51. Kg4 f5+ 52. Kh4 Rf3 53.
Kg5 Rf1 54. a4 Rh1 55. Kh4 Rg1 56. a5 Bf1 57. Rf2 Kg6 58. Rxf1 Rxf1 59. Kxh3
Kf7 60. a6 Ra1 61. Kh4 Ra2 62. Kg5 Rxb2 63. Nb7 Ra2 64. Nd6+ Kf8 0-1

[Event "17. Europa ch Juvenil - Femenino s18"]
[Site "Sibenik CRO"]
[Date "2007.09.15"]
[Round "2.14"]
[White "Ivakhinova, Inna"]
[Black "Brankov, Kristina"]
[Result "1-0"]
[WhiteElo "2251"]
[BlackElo "1918"]
[PlyCount "35"]
[EventDate "2007.09.14"]
[EventType "swiss"]
[EventRounds "9"]
[EventCountry "CRO"]
[Source "lmi"]
[SourceDate "2007.09.14"]

1. d4 d5 2. c4 e6 3. Nc3 c6 4. e4 dxe4 5. Nxe4 Bb4+ 6. Bd2 Qxd4 7. Bxb4 Qxe4+
8. Be2 Nd7 9. Nf3 c5 10. Bc3 Ngf6 11. Qd6 Qg6 12. Nd2 b6 13. Bf3 Rb8 14. Bc6
Rb7 15. O-O-O Qf5 16. Nf3 Ne4 17. Bxe4 Qxe4 18. Bxg7 1-0

[Event "17. Europa ch Juvenil - Femenino s18"]
[Site "Sibenik CRO"]
[Date "2007.09.15"]
[Round "2.15"]
[White "Robles Garcia, Claudia"]
[Black "Le Bail, Clara"]
[Result "1-0"]
[WhiteElo "2167"]
[BlackElo "1981"]
[PlyCount "45"]
[EventDate "2007.09.14"]
[EventType "swiss"]
[EventRounds "9"]
[EventCountry "CRO"]
[Source "lmi"]
[SourceDate "2007.09.14"]

1. e4 e6 2. d4 d5 3. Nc3 Bb4 4. e5 c5 5. a3 Bxc3+ 6. bxc3 Ne7 7. Qg4 O-O 8. Bd3
Nbc6 9. Be3 c4 10. Be2 Qa5 11. Kd2 f5 12. exf6 Rxf6 13. Nf3 e5 14. Qh5 g6 15.
Qh4 Rxf3 16. Bxf3 Nf5 17. Qf6 exd4 18. Bg5 Qxc3+ 19. Ke2 Nfe7 20. Rhe1 Bf5 21.
Kf1 Qxc2 22. Bh6 Bd3+ 23. Kg1 1-0

[Event "17. Europa ch Juvenil - Femenino s18"]
[Site "Sibenik CRO"]
[Date "2007.09.15"]
[Round "2.16"]
[White "Mareckova, Martina"]
[Black "Kalashyan, Varduhi"]
[Result "1/2-1/2"]
[WhiteElo "2003"]
[BlackElo "2059"]
[PlyCount "88"]
[EventDate "2007.09.14"]
[EventType "swiss"]
[EventRounds "9"]
[EventCountry "CRO"]
[Source "lmi"]
[SourceDate "2007.09.14"]

1. e4 c5 2. Ne2 d6 3. g3 Nf6 4. Bg2 g6 5. Nbc3 Bg7 6. O-O O-O 7. h3 Nc6 8. d3
Rb8 9. f4 e6 10. g4 b5 11. Ng3 Nd4 12. Nce2 Nxe2+ 13. Qxe2 Bb7 14. c3 Nd7 15.
g5 Nb6 16. Be3 Rc8 17. h4 Qd7 18. Rad1 d5 19. d4 cxd4 20. Bxd4 Bxd4+ 21. Rxd4
Rc4 22. Rfd1 Qc7 23. Qg4 e5 24. fxe5 Qxe5 25. exd5 Bxd5 26. Bxd5 Nxd5 27. Qf3
Rxd4 28. Rxd4 Qe1+ 29. Nf1 Nc7 30. Re4 Qb1 31. h5 gxh5 32. Rh4 Qg6 33. Ng3 Ne6
34. Qxh5 Nxg5 35. Rg4 Qxh5 36. Nxh5 h6 37. Nf6+ Kg7 38. Nd5 f5 39. Rb4 Rb8 40.
Nc7 Rb7 41. Nxb5 a5 42. Nd6 axb4 43. Nxb7 bxc3 44. bxc3 Kf6 1/2-1/2

[Event "17. Europa ch Juvenil - Femenino s18"]
[Site "Sibenik CRO"]
[Date "2007.09.15"]
[Round "2.17"]
[White "Gunina, Valentina"]
[Black "Vasile, Teodora"]
[Result "1/2-1/2"]
[WhiteElo "2361"]
[BlackElo "1922"]
[PlyCount "113"]
[EventDate "2007.09.14"]
[EventType "swiss"]
[EventRounds "9"]
[EventCountry "CRO"]
[Source "lmi"]
[SourceDate "2007.09.14"]

1. d4 d5 2. c4 e6 3. Nc3 Nf6 4. Bg5 Be7 5. e3 h6 6. Bh4 O-O 7. cxd5 Nxd5 8.
Bxe7 Qxe7 9. Nxd5 exd5 10. Bd3 b6 11. Ne2 Be6 12. O-O c5 13. dxc5 bxc5 14. Rc1
Nc6 15. Nf4 Rfd8 16. Bb1 c4 17. Qc2 g6 18. Nxg6 fxg6 19. Qxg6+ Kf8 20. Rfd1 Qf7
21. Qxh6+ Ke7 22. Bg6 Qf6 23. Qh7+ Bf7 24. Bxf7 Qxf7 25. Qh4+ Qf6 26. Qh7+ Qf7
27. Qh6 Qf6 28. Qh5 Qf7 29. Qe2 Ne5 30. Rd4 Rg8 31. f4 Nd3 32. Rf1 Qe6 33. f5
Qe5 34. Qf3 Rad8 35. b3 Rg5 36. bxc4 Rxf5 37. Qxf5 Qxe3+ 38. Kh1 Qxd4 39. c5
Nxc5 40. Qf7+ Kd6 41. Qxa7 Ne6 42. Qa3+ Qc5 43. Qg3+ Kc6 44. h4 Rf8 45. Re1 Qd6
46. Rc1+ Kd7 47. Qd3 d4 48. Rb1 Nc5 49. Qb5+ Qc6 50. Qc4 Qe4 51. Qb5+ Kd6 52.
h5 Qh4+ 53. Kg1 Qf2+ 54. Kh1 Qh4+ 55. Kg1 Qf2+ 56. Kh1 Qh4+ 57. Kg1 1/2-1/2

[Event "17. Europa ch Juvenil - Femenino s18"]
[Site "Sibenik CRO"]
[Date "2007.09.15"]
[Round "2.19"]
[White "Hairapetian, Anna"]
[Black "Vartic, Irina"]
[Result "1-0"]
[WhiteElo "2028"]
[BlackElo "1921"]
[PlyCount "87"]
[EventDate "2007.09.14"]
[EventType "swiss"]
[EventRounds "9"]
[EventCountry "CRO"]
[Source "lmi"]
[SourceDate "2007.09.14"]

1. d4 Nf6 2. Nf3 g6 3. Bg5 Ne4 4. Bh4 c5 5. dxc5 Bg7 6. c3 Nxc5 7. Nbd2 Nc6 8.
e4 d6 9. Bc4 Be6 10. Bxe6 Nxe6 11. Nc4 O-O 12. O-O b5 13. Ne3 b4 14. cxb4 Nxb4
15. Nd5 Nxd5 16. exd5 Nc5 17. Nd4 Re8 18. b4 Na6 19. Nc6 Qd7 20. Rc1 h6 21. Qd3
Nb8 22. Nxe7+ Rxe7 23. Bxe7 Qxe7 24. Rc8+ Kh7 25. Qb5 a6 26. Qe8 Qxe8 27. Rxe8
Bc3 28. Rc1 Bxb4 29. Rcc8 Kg7 30. Rxb8 Rxb8 31. Rxb8 a5 32. Kf1 Kf6 33. Re8 h5
34. Ke2 Kf5 35. Kd3 Bc5 36. f3 Bg1 37. h3 Bc5 38. Re4 g5 39. Kc4 Bb4 40. Kb5
Bc3 41. Kc6 Bb4 42. g4+ hxg4 43. hxg4+ Kf6 44. Rxb4 1-0

[Event "17. Europa ch Juvenil - Femenino s18"]
[Site "Sibenik CRO"]
[Date "2007.09.15"]
[Round "2.20"]
[White "Sobierska, Wioletta"]
[Black "Altunkeser, Gozde"]
[Result "1/2-1/2"]
[WhiteElo "2012"]
[BlackElo "1913"]
[PlyCount "43"]
[EventDate "2007.09.14"]
[EventType "swiss"]
[EventRounds "9"]
[EventCountry "CRO"]
[Source "lmi"]
[SourceDate "2007.09.14"]

1. e4 c5 2. Nf3 d6 3. d4 cxd4 4. Nxd4 Nf6 5. Nc3 a6 6. Be2 e5 7. Nb3 Be7 8. Bg5
O-O 9. Bxf6 Bxf6 10. Nd5 Nc6 11. O-O Bg5 12. c3 Ne7 13. Nxe7+ Qxe7 14. Nd2 Be6
15. Nc4 Rad8 16. Nb6 Qc7 17. Nd5 Qc6 18. Bd3 g6 19. Qb3 Bxd5 20. Qxd5 Qxd5 21.
exd5 Rc8 22. Rfe1 1/2-1/2

[Event "17. Europa ch Juvenil - Femenino s18"]
[Site "Sibenik CRO"]
[Date "2007.09.15"]
[Round "2.21"]
[White "Ivekovic, Ivana"]
[Black "Chierici, Marianna"]
[Result "0-1"]
[WhiteElo "1918"]
[BlackElo "2004"]
[PlyCount "66"]
[EventDate "2007.09.14"]
[EventType "swiss"]
[EventRounds "9"]
[EventCountry "CRO"]
[Source "lmi"]
[SourceDate "2007.09.14"]

1. d4 f5 2. Nf3 e6 3. c4 d5 4. g3 Nf6 5. Bg2 c6 6. Qc2 Bd6 7. O-O O-O 8. b3 Ne4
9. Nc3 Nd7 10. c5 Bc7 11. Rb1 Ndf6 12. b4 Bd7 13. a4 a6 14. Nd2 Nxc3 15. Qxc3
g5 16. f3 Qe8 17. e4 e5 18. Bb2 exd4 19. Qxd4 Qg6 20. e5 Nh5 21. Nc4 f4 22. g4
Ng7 23. Nd6 Ne6 24. Qf2 a5 25. Bc3 axb4 26. Rxb4 Ba5 27. Rxb7 Bxc3 28. Nf5 Rxf5
29. gxf5 Qxf5 30. Qe2 Nxc5 31. Rbb1 Qxe5 32. Qc2 Bf5 33. Qd1 Bxb1 0-1

[Event "17. Europa ch Juvenil - Femenino s18"]
[Site "Sibenik CRO"]
[Date "2007.09.15"]
[Round "2.22"]
[White "Somova, Nadezda"]
[Black "Yelmarova, Natavan"]
[Result "1-0"]
[WhiteElo "1963"]
[BlackElo "1850"]
[PlyCount "74"]
[EventDate "2007.09.14"]
[EventType "swiss"]
[EventRounds "9"]
[EventCountry "CRO"]
[Source "lmi"]
[SourceDate "2007.09.14"]

1. e4 c5 2. Nf3 Nc6 3. Bb5 d6 4. c3 Nf6 5. Qe2 Bd7 6. O-O a6 7. Ba4 e5 8. d3
Be7 9. h3 h6 10. Nh2 O-O 11. f4 b5 12. Bd1 exf4 13. Bxf4 Ne5 14. Nd2 Ng6 15.
Be3 Qc7 16. Bb3 Rae8 17. Qf2 a5 18. a3 Kh7 19. Nhf3 a4 20. Ba2 Bc6 21. Qg3 c4
22. dxc4 Bxe4 23. cxb5 Bd3 24. b6 Qb7 25. Rf2 Bd8 26. Bd4 Nh5 27. Ng5+ Bxg5 28.
Qxd3 Nhf4 29. Qc2 Re2 30. Raf1 Bh4 31. Rxe2 Nxe2+ 32. Kh2 Bg3+ 33. Kh1 Bf4 34.
Rf3 Re8 35. Nf1 f5 36. Qxf5 Rf8 37. Qd5 Qb8 1-0

[Event "17. Europa ch Juvenil - Femenino s18"]
[Site "Sibenik CRO"]
[Date "2007.09.15"]
[Round "2.23"]
[White "Virag, Csilla"]
[Black "Kaniak, Monika"]
[Result "1-0"]
[WhiteElo "1892"]
[BlackElo "1950"]
[PlyCount "65"]
[EventDate "2007.09.14"]
[EventType "swiss"]
[EventRounds "9"]
[EventCountry "CRO"]
[Source "lmi"]
[SourceDate "2007.09.14"]

1. e4 e6 2. d4 d5 3. Nd2 Nf6 4. e5 Nfd7 5. f4 c5 6. c3 Nc6 7. Ndf3 Qb6 8. g3
cxd4 9. cxd4 Bb4+ 10. Kf2 O-O 11. Kg2 f6 12. Bd3 Be7 13. a3 fxe5 14. fxe5 Kh8
15. Bc2 Qc7 16. Qd3 g6 17. h4 Rg8 18. h5 Nf8 19. Ng5 Bxg5 20. Bxg5 gxh5 21.
Bf6+ Rg7 22. Rxh5 Kg8 23. Bxg7 Qxg7 24. Nf3 Ne7 25. Qe3 Bd7 26. Rah1 Neg6 27.
Ng5 Rc8 28. Bd3 Be8 29. Nxh7 Nxh7 30. Rxh7 Qxh7 31. Rxh7 Kxh7 32. Qg5 Bf7 33.
Qe7 1-0

[Event "17. Europa ch Juvenil - Femenino s18"]
[Site "Sibenik CRO"]
[Date "2007.09.15"]
[Round "2.24"]
[White "Knaperekova, Emilia"]
[Black "Juciute, Einora"]
[Result "0-1"]
[WhiteElo "1946"]
[BlackElo "1758"]
[PlyCount "80"]
[EventDate "2007.09.14"]
[EventType "swiss"]
[EventRounds "9"]
[EventCountry "CRO"]
[Source "lmi"]
[SourceDate "2007.09.14"]

1. d4 Nf6 2. e3 e6 3. f4 Be7 4. Bd3 d6 5. Nf3 Nbd7 6. O-O b6 7. Nbd2 Bb7 8. Ng5
h6 9. Nh3 e5 10. Nf2 Nd5 11. Nf3 Bf6 12. c3 Qe7 13. fxe5 dxe5 14. e4 Nf4 15.
Bxf4 exf4 16. e5 Bg5 17. Ne4 O-O-O 18. Re1 Nf8 19. a4 a5 20. Rb1 Bh4 21. Nxh4
Qxh4 22. b4 axb4 23. Rxb4 f3 24. gxf3 Ne6 25. Nf2 Nf4 26. Bf1 Qg5+ 27. Kh1 Nd5
28. Bh3+ Kb8 29. Rb3 Qf4 30. Re4 Qg5 31. Rg4 Qe3 32. Nd3 Nxc3 33. Qc2 Bxf3+ 34.
Rg2 Ne2 35. Qb1 Qxd4 36. a5 Nc3 37. Qg1 Qxg1+ 38. Kxg1 Bxg2 39. Kxg2 Rxd3 40.
axb6 Rd2+ 0-1

[Event "17. Europa ch Juvenil - Femenino s18"]
[Site "Sibenik CRO"]
[Date "2007.09.15"]
[Round "2.25"]
[White "Misovic, Sanja"]
[Black "Kaniak, Justyna"]
[Result "1-0"]
[WhiteElo "1872"]
[BlackElo "1942"]
[PlyCount "73"]
[EventDate "2007.09.14"]
[EventType "swiss"]
[EventRounds "9"]
[EventCountry "CRO"]
[Source "lmi"]
[SourceDate "2007.09.14"]

1. d4 Nf6 2. c4 c5 3. d5 e6 4. Nc3 exd5 5. cxd5 d6 6. e4 g6 7. Nf3 Bg7 8. Bd3
O-O 9. O-O Na6 10. Nd2 Nc7 11. a4 Rb8 12. Nc4 b6 13. Bf4 Nfe8 14. Qd2 a6 15.
Na3 Bd7 16. Rab1 b5 17. axb5 axb5 18. b4 cxb4 19. Rxb4 Na6 20. Rbb1 b4 21. Bxa6
Bxc3 22. Qd3 Qa5 23. Nc2 Nc7 24. Bc4 Nb5 25. Bxb5 Bxb5 26. Qg3 Bxf1 27. Bxd6
Bxg2 28. Bxf8 Rxf8 29. Kxg2 b3 30. Rxb3 Re8 31. Rb8 Rxb8 32. Qxb8+ Kg7 33. Ne3
Qa4 34. Qf4 h5 35. d6 Qa5 36. d7 Qd8 37. Nd5 1-0